Debrett's correct form : standard styles of address for everyone from peers to presidents. (Record no. 100091)

MARC details
000 -LEADER
fixed length control field 00637cam a2200217 4500
008 - FIXED-LENGTH DATA ELEMENTS--GENERAL INFORMATION
fixed length control field 000000n1999 000 0 eng u
020 ## - INTERNATIONAL STANDARD BOOK NUMBER
International Standard Book Number 0747223300
035 ## - SYSTEM CONTROL NUMBER
System control number (Sirsi) u103159
050 ## - LIBRARY OF CONGRESS CALL NUMBER
Classification number 395
100 ## - MAIN ENTRY--PERSONAL NAME
Personal name Noel, Celestria
-- editor
245 ## - TITLE STATEMENT
Title Debrett's correct form : standard styles of address for everyone from peers to presidents.
250 ## - EDITION STATEMENT
Edition statement Revised ed.
260 ## - PUBLICATION, DISTRIBUTION, ETC.
Place of publication, distribution, etc. London
Name of publisher, distributor, etc. Headline
Date of publication, distribution, etc. 1999
300 ## - PHYSICAL DESCRIPTION
Extent 375p. ; 24cm.
350 ## - PRICE (NR) (BK AM CF MU VM SE) [OBSOLETE]
Price 20.00
650 ## - SUBJECT ADDED ENTRY--TOPICAL TERM
Topical term or geographic name entry element DEBRETTS PEOPLE OF TODAY
650 ## - SUBJECT ADDED ENTRY--TOPICAL TERM
Topical term or geographic name entry element LETTER WRITING
650 ## - SUBJECT ADDED ENTRY--TOPICAL TERM
Topical term or geographic name entry element TITLES
690 ## - LOCAL SUBJECT ADDED ENTRY--TOPICAL TERM (OCLC, RLIN)
Topical term or geographic name as entry element MANAGEMENT-BUSINESS MANAGEMENT-PROFESSIONAL PRACTICE
942 ## - ADDED ENTRY ELEMENTS (KOHA)
Suppress in OPAC 0
Holdings
Withdrawn status Lost status Source of classification or shelving scheme Damaged status Not for loan Home library Current library Shelving location Date acquired Cost, normal purchase price Total Checkouts Full call number Barcode Date last seen Copy number Cost, replacement price Price effective from Koha item type
    Dewey Decimal Classification     London London Books 11/07/2000 20.00   395 DEB 30061716 06/08/2019 1 20.00 06/08/2019 Reference material